00920nam a2200241Ia 4500001000600000003000900006008004100015040001300056040001300069041001300082100001100095100002900106245003600135245003600171250001100207260000900218260002200227260004900249300004300298500026400341650004200605650003100647D5705IT-RoPAU130308s9999 xx 000 0 und d aIT-RoPAU cIT-RoPAU aITALIANO aAA.VV. gCodice Aut. SPICS: 12000 aComunicazione e vita consacrata bComunicazione e Vita Consacrata a1a ed. aROMA bCentro Studi Usmi c1996 [1° Ed.:1996 - Ed.Ling.Originale:1996] a"128 p. (prefazione: no ; testo: 128)" aSupplemento Alla rivista Consacrazione e Servizio. contributi di Autori vari Su: Aspetti Antropologici e Sociali, Biblico Teologici e Pastorali Dellacomunicazione nella Vita Consacrata. lode al signore per gli Strumenti della Comunicazione Sociale (Pag. 117). aSAGGI PASTORALE COMUNICAZIONE SOCIALE eCodice materia Spics: 9311